{"text_format":"1","workbook":"xlsx","n_sheets":2,"sheets":["Pasiūlymas","Subtiekėjai"],"not_rendered":{"charts":0,"images":0,"macros":1,"external_links":0,"defined_names":0,"comments":0,"pivot_tables":0},"unopened":[],"bounds":{"document_bytes":16777216,"sheet_cells":100000,"rows_first":2000,"rows_last":500,"rows_between":2000,"halvings":0,"cell_chars":16384,"cell_head_chars":4096},"cells_cut":0,"cells_raw":0,"read":"whole","date_system":"1900"}

{"sheet":"Pasiūlymas","index":0,"n_rows":192,"n_cols":13,"rows_kept":192,"cut":false,"hidden":false,"merged":[[28,1,28,7],[117,1,117,7],[176,1,176,7],[9,0,9,1],[9,2,9,4],[10,0,10,1],[10,2,10,4],[11,0,11,1],[11,2,11,4],[12,0,12,1],[12,2,12,4],[13,0,13,1],[13,2,13,4],[14,0,14,1],[14,2,14,4],[18,0,18,1],[18,2,18,4],[19,0,19,1],[19,2,19,4],[15,0,15,1],[15,2,15,4],[16,0,16,1],[16,2,16,4],[17,0,17,1],[17,2,17,4]]}
["Perkantysis subjektas, kuriam teikiamas pasiūlymas:",null,"VŠĮ Kauno klinikinė ligoninė"]
[]
[null,"PASIŪLYMAS"]
[null,"Vėdinimo sistemos medžiagos, ventkamerų oro filtrai, šildymo sistemos dalys"]
[]
["Data:","2020 m. sausio 30 d."]
["Nr.:","2020_01"]
["Vieta:","Vilnius"]
[]
["Tiekėjo arba tiekėjų grupės narių pavadinimas (-ai)",null,"MB „Pastatų sistemos“"]
["Tiekėjo arba tiekėjo grupės narių juridinio asmens kodas (-ai) (tuo atveju, jei pasiūlymą teikia fizinis asmuo - verslo pažymėjimo Nr. ar pan.)",null,303430565]
["Tiekėjo arba tiekėjo grupės narių PVM mokėtojo kodas (-ai)",null,"LT100008966313"]
["Tiekėjų grupės narys, atstovaujantis arba vadovaujantis  tiekėjų grupei (pildoma, jei pasiūlymą teikia tiekėjų grupė)"]
["Tiekėjo valdymo ar priežiūros organo narys (-iai) ar kitas asmuo (-ys), turintis (-ys) teisę atstovauti tiekėjui ar jį kontroliuoti, jo vardu priimti sprendimą, sudaryti sandorį",null,"Eduardas Jermolajevas"]
["Tiekėjo arba atstovaujančio tiekėjų grupės nario adresas, telefono numeris, fakso numeris, el. paštas",null,"Parko g. 1A Avižieniai, LT-14198 Vilniaus rajonas. Mob. Tel. nr.: 868366923 el. paš.: info@pastatusistemos.lt"]
["Tiekėjo arba atstovaujančio tiekėjų grupės nario banko pavadinimas, banko kodas, sąskaitos Nr.",null,"AB Luminor Bankas. Banko kodas 40100. Sąskaiytos Nr. LT814010051002190847"]
["Asmens, įgalioto pasirašyti sutartį, vardas, pavardė, pareigos",null,"Direktorius Eduardas Jermolajevas"]
["Asmens, atsakingo už pirkimą, vardas, pavardė,  telefono numeris, el. paštas",null,"Eduardas Jermolajevas. Mob. tel. nr.: 868366923. El. paš.: info@pastatusistemos.lt"]
[]
[]
[]
[]
[]
["Siūlomas pirkimo objektas visiškai atitinka pirkimo sąlygose nustatytus reikalavimus ir jo kaina yra:"]
[]
[]
[null,null,null,null,null,null,null,null,null,null,"","",""]
["Nr.","Pavadinimas","Maksimalus kiekis","Mato vienetas","Vieneto įkainis be PVM, Eur","Suma be PVM, Eur","Siūlomi produktai, gamintojas","Siūlomo produkto parametrai"]
["1.","Vėdinimo sistemos medžiagos - ortakiai, jų dalys, ištraukimo ventiliatoriai",null,null,null,null,null,null,null,""]
["1.1.","Paviršinis greičio reguliatorius, ištraukimo ventiliatoriui  230V; 3,15A; IP40\n",6,"vnt.",81.819999999999993,{"$f":"IF(ISBLANK(E30),\"\", PRODUCT(C30,E30))","v":490.91999999999996},"Leovira, Lietuva"]
["1.1.1.","Garantija ne mažiau 12 mėnesių",null,null,null,null,null,"Garantija 12 mėnesių"]
["1.2.","Ištraukiamasis ventiliatorius D100, metalinis, 70W; 230V; našumas 450m3/h; triukšmo lygis 40dB; IP X4; ašinis\n",4,"vnt.",46,{"$f":"IF(ISBLANK(E32),\"\", PRODUCT(C32,E32))","v":184},"Leovira, Lietuva",null,null,""]
["1.2.1.","Garantija ne mažiau 12 mėnesių",null,null,null,null,null,"Garantija 12 mėnesių",null,null,null,""]
["1.3.","Ištraukiamasis ventiliatorius D125, metalinis, 70W; 230V; našumas 450m3/h; triukšmo lygis 45dB; IP X4; ašinis\n",4,"vnt.",46,{"$f":"IF(ISBLANK(E34),\"\", PRODUCT(C34,E34))","v":184},"Leovira, Lietuva",null,null,null,null,""]
["1.3.1.","Garantija ne mažiau 12 mėnesių",null,null,null,null,null,"Garantija 12 mėnesių",null,"","",""]
["1.4.","Ištraukiamasis ventiliatorius D160, metalinis, 90W; 230V; našumas 560m3/h; triukšmo lygis 60dB; IP X4; ašinis  \n",4,"vnt.",81.819999999999993,{"$f":"IF(ISBLANK(E36),\"\", PRODUCT(C36,E36))","v":327.27999999999997},"Komfovent, Lietuva",null,null,"","",""]
["1.4.1.","Garantija ne mažiau 12 mėnesių",null,null,null,null,null,"Garantija 12 mėnesių",null,"","",""]
["1.5.","Ištraukiamasis ventiliatorius D200, metalinis, 170W; 230V; našumas1200m3/h; triukšmo lygis 70dB; IP X4; ašinis\n",2,"vnt.",147.11000000000001,{"$f":"IF(ISBLANK(E38),\"\", PRODUCT(C38,E38))","v":294.22000000000003},"Komfovent, Lietuva"]
["1.5.1.","Garantija ne mažiau 12 mėnesių",null,null,null,null,null,"Garantija 12 mėnesių"]
["1.6.","Ištraukiamasis ventiliatorius D250, metalinis, 210W; 230V; našumas 1600m3/h; triukšmo lygis 70dB; IP X4; ašinis\n",2,"vnt.",147.11000000000001,{"$f":"IF(ISBLANK(E40),\"\", PRODUCT(C40,E40))","v":294.22000000000003},"Komfovent, Lietuva",null,null,""]
["1.6.1.","Garantija ne mažiau 12 mėnesių",null,null,null,null,null,"Garantija 12 mėnesių"]
["1.7.","Ištraukiamasis ventiliatorius D125, su laikmačiu ir grotelėmis, sieninis, našumas 145m3/h; 12W; 230V; su guoliais       \n",10,"vnt.",20,{"$f":"IF(ISBLANK(E42),\"\", PRODUCT(C42,E42))","v":200},"Leovira, Lietuva",null,null,null,null,""]
["1.7.1.","Garantija ne mažiau 12 mėnesių",null,null,null,null,null,"Garantija 12 mėnesių",null,"",null,""]
["1.8.","Nerūdijančio plieno sąvaržos, lankstiems ortakiams tvirtinti D 0-250mm, veržiamos raktu ir atsuktuvu   \n",60,"vnt.",2,{"$f":"IF(ISBLANK(E44),\"\", PRODUCT(C44,E44))","v":120},"Leovira, Lietuva",null,null,null,null,""]
["1.9.","Tvirtinimo kronšteinas, cinkuotas KRC 600, profiliuotas\n",20,"vnt.",23.88,477.59999999999997,"Leovira, Lietuva"]
["1.10.","Montažinis profilis T , cinkuotas, be tarpinės\n",30,"vnt.",1.56,46.800000000000004,"Aloon",null,null,"","",""]
["1.11.","Difuzorius P-DVS oro tiekimui, metalas plastikas, baltos spalvos  D100  \n",8,"vnt.",5.59,44.72,"Leovira, Lietuva",null,null,"","",""]
["1.12.","Difuzorius P-DVS oro tiekimui, metalas plastikas, baltos spalvos  D125  \n",8,"vnt.",6.84,54.72,"Leovira, Lietuva",null,null,"","",""]
["1.13.","Difuzorius P-DVS oro tiekimui, metalas plastikas, baltos spalvos  D160  \n",6,"vnt.",10.56,63.36,"Leovira, Lietuva"]
["1.14.","Difuzorius P-DVS oro tiekimui, metalas plastikas, baltos spalvos  D200\n",6,"vnt.",13.38,80.28,"Leovira, Lietuva"]
["1.15.","Difuzorius DVS oro ištraukimui, metalas plastikas, baltos spalvos D100 \n",8,"vnt.",5.59,44.72,"Leovira, Lietuva"]
["1.16.","Difuzorius DVS oro ištraukimui, metalas plastikas, baltos spalvos D125\n",8,"vnt.",6.84,54.72,"Leovira, Lietuva"]
["1.17.","Difuzorius DVS oro ištraukimui, metalas plastikas, baltos spalvos D160\n",6,"vnt.",10.56,63.36,"Leovira, Lietuva"]
["1.18.","Difuzorius DVS oro ištraukimui, metalas plastikas, baltos spalvos D200\n",6,"vnt.",13.38,80.28,"Leovira, Lietuva"]
["1.19.","Lauko ventiliacijos grotelės YGAV apvalios aliumininės ,aliuminio spalvos D125  \n",4,"vnt.",3.79,15.16,"Leovira, Lietuva"]
["1.20.","Lauko ventiliacijos grotelės YGAV apvalios aliumininės ,aliuminio spalvos D160\n",4,"vnt.",5.0199999999999996,20.079999999999998,"Leovira, Lietuva"]
["1.21.","Lauko ventiliacijos grotelės YGAV apvalios aliumininės ,aliuminio spalvos D200\n",4,"vnt.",7.43,29.72,"Leovira, Lietuva"]
["1.22.","Lankstus aliumininis ortakis, eksploatavimo temperatūra iki 200oC; L-3m. D100  \n",5,"vnt.",4.46,22.3,"Leovira, Lietuva"]
["1.23.","Lankstus aliumininis ortakis, eksploatavimo temperatūra iki 200oC; L-3m. D125\n",5,"vnt.",5.71,28.55,"Leovira, Lietuva"]
["1.24.","Lankstus aliumininis ortakis, eksploatavimo temperatūra iki 200oC; L-3m. D160\n",5,"vnt.",7.94,39.700000000000003,"Leovira, Lietuva"]
["1.25.","Lankstus aliumininis ortakis, eksploatavimo temperatūra iki 200oC; L-3m. D200\n",5,"vnt.",10.08,50.4,"Leovira, Lietuva"]
["1.26.","Cinkuotas spiralinis ortakis su standumo briauna  L-3m.  D100 \n",30,"m",2.11,63.3,"Leovira, Lietuva"]
["1.27.","Cinkuotas spiralinis ortakis su standumo briauna  L-3m.  D125\n",30,"m",2.67,80.099999999999994,"Leovira, Lietuva"]
["1.28.","Cinkuotas spiralinis ortakis su standumo briauna  L-3m.  D160\n",24,"m",3.39,81.36,"Leovira, Lietuva"]
["1.29.","Cinkuotas spiralinis ortakis su standumo briauna  L-3m.  D200\n",24,"m",4.1100000000000003,98.640000000000015,"Leovira, Lietuva"]
["1.30.","Cinkuotas spiralinis ortakis su standumo briauna  L-3m.  D250\n",18,"m",5.27,94.859999999999985,"Leovira, Lietuva"]
["1.31.","Cinkuotas spiralinis ortakis su standumo briauna  L-3m.  D315\n",18,"m",7.18,129.24,"Leovira, Lietuva"]
["1.32.","Cinkuoto plieno alkūnė su tarpine 90o  D100 \n",10,"vnt.",12.81,128.1,"Leovira, Lietuva"]
["1.32.1.","Cinkuoto plieno alkūnė su tarpine 90o  D100 . Tinka objektui 1.26\n",null,null,null,null,null,"Cinkuota plieninė alkūnė su tarpine 90o D100. Tinka objektui 1.26"]
["1.33.","Cinkuoto plieno alkūnė su tarpine 90o  D125\n",10,"vnt.",12.5,{"$f":"IF(ISBLANK(E70),\"\", PRODUCT(C70,E70))","v":125},"Leovira, Lietuva"]
["1.33.1.","Cinkuoto plieno alkūnė su tarpine 90o  D125 . Tinka objektui 1.27\n",null,null,null,null,null,"Cinkuota plieninė alkūnė su tarpine 90o D125. Tinka objektui 1.27"]
["1.34.","Cinkuoto plieno alkūnė su tarpine 90o  D160\n",10,"vnt.",10.36,{"$f":"IF(ISBLANK(E72),\"\", PRODUCT(C72,E72))","v":103.6},"Leovira, Lietuva"]
["1.34.1.","Cinkuoto plieno alkūnė su tarpine 90o  D160 . Tinka objektui 1.28\n",null,null,null,null,null,"Cinkuota plieninė alkūnė su tarpine 90o D160. Tinka objektui 1.28"]
["1.35.","Cinkuoto plieno alkūnė su tarpine 90o  D200\n",8,"vnt.",12.58,{"$f":"IF(ISBLANK(E74),\"\", PRODUCT(C74,E74))","v":100.64},"Leovira, Lietuva"]
["1.35.1.","Cinkuoto plieno alkūnė su tarpine 90o  D200 . Tinka objektui 1.29\n",null,null,null,null,null,"Cinkuota plieninė alkūnė su tarpine 90o D200. Tinka objektui 1.29"]
["1.36.","Cinkuoto plieno mova su tarpine  D100 \n",8,"vnt.",1.22,{"$f":"IF(ISBLANK(E76),\"\", PRODUCT(C76,E76))","v":9.76},"Leovira, Lietuva"]
["1.36.1.","Cinkuoto plieno mova su tarpine  D100 .Tinka objektui 1.26\n",null,null,null,null,null,"Cinkuota plieninė mova su tarpine D100. Tinka objektui 1.26"]
["1.37.","Cinkuoto plieno mova su tarpine  D125\n",8,"vnt.",1.53,{"$f":"IF(ISBLANK(E78),\"\", PRODUCT(C78,E78))","v":12.24},"Leovira, Lietuva"]
["1.37.1.","Cinkuoto plieno mova su tarpine  D125 .Tinka objektui 1.27\n",null,null,null,null,null,"Cinkuota plieninė mova su tarpine D125. Tinka objektui 1.27"]
["1.38.","Cinkuoto plieno mova su tarpine  D160\n",8,"vnt.",1.85,{"$f":"IF(ISBLANK(E80),\"\", PRODUCT(C80,E80))","v":14.8},"Leovira, Lietuva"]
["1.38.1.","Cinkuoto plieno mova su tarpine  D160 .Tinka objektui 1.28\n",null,null,null,null,null,"Cinkuota plieninė mova su tarpine D160. Tinka objektui 1.28"]
["1.39.","Cinkuoto plieno mova su tarpine  D200\n",6,"vnt.",2.2000000000000002,{"$f":"IF(ISBLANK(E82),\"\", PRODUCT(C82,E82))","v":13.200000000000001},"Leovira, Lietuva"]
["1.39.1.","Cinkuoto plieno mova su tarpine  D200 .Tinka objektui 1.29\n",null,null,null,null,null,"Cinkuota plieninė mova su tarpine D200. Tinka objektui 1.29"]
["1.40.","Cinkuoto plieno pereiga su tarpine  D125-100\n",8,"vnt.",4.53,{"$f":"IF(ISBLANK(E84),\"\", PRODUCT(C84,E84))","v":36.24},"Leovira, Lietuva"]
["1.40.1.","Cinkuoto plieno pereiga su tarpine  D125-100.Tinka objektui 1.26 ir 1.27\n",null,null,null,null,null,"Cinkuota plienino pereiga su tarpine D125-100. Tinka objektui 1.26 ir 1.27"]
["1.41.","Cinkuoto plieno pereiga su tarpine  D160-100\n",6,"vnt.",6.34,{"$f":"IF(ISBLANK(E86),\"\", PRODUCT(C86,E86))","v":38.04},"Leovira, Lietuva"]
["1.41.1.","Cinkuoto plieno pereiga su tarpine  D160-100.Tinka objektui 1.26 ir 1.28\n",null,null,null,null,null,"Cinkuota plienino pereiga su tarpine D160-100. Tinka objektui 1.26 ir 1.28"]
["1.42.","Cinkuoto plieno pereiga su tarpine  D160-125\n",6,"vnt.",6.32,{"$f":"IF(ISBLANK(E88),\"\", PRODUCT(C88,E88))","v":37.92},"Leovira, Lietuva"]
["1.42.1.","Cinkuoto plieno pereiga su tarpine  D160-125.Tinka objektui 1.27 ir 1.28\n",null,null,null,null,null,"Cinkuota plienino pereiga su tarpine D160-125. Tinka objektui 1.27 ir 1.28"]
["1.43.","Cinkuoto plieno pereiga su tarpine  D200-125\n",4,"vnt.",8.6199999999999992,{"$f":"IF(ISBLANK(E90),\"\", PRODUCT(C90,E90))","v":34.479999999999997},"Leovira, Lietuva"]
["1.43.1.","Cinkuoto plieno pereiga su tarpine  D200-125.Tinka objektui 1.27 ir 1.29\n",null,null,null,null,null,"Cinkuota plienino pereiga su tarpine D200-125. Tinka objektui 1.27 ir 1.29"]
["1.44.","Cinkuoto plieno pereiga su tarpine  D200-160\n",4,"vnt.",8.9700000000000006,{"$f":"IF(ISBLANK(E92),\"\", PRODUCT(C92,E92))","v":35.880000000000003},"Leovira, Lietuva"]
["1.44.1.","Cinkuoto plieno pereiga su tarpine  D200-160.Tinka objektui 1.28 ir 1.29\n",null,null,null,null,null,"Cinkuota plienino pereiga su tarpine D200-160. Tinka objektui 1.28 ir 1.29"]
["1.45.","Cinkuoto plieno balninė atšaka su tarpine  D125-100\n",10,"vnt.",4.0599999999999996,{"$f":"IF(ISBLANK(E94),\"\", PRODUCT(C94,E94))","v":40.599999999999994},"Leovira, Lietuva"]
["1.45.1.","Cinkuoto plieno balninė atšaka su tarpine  D125-100.Tinka objektui 1.26 ir 1.27\n",null,null,null,null,null,"Cinkuoto plieno balninė atšaka su tarpine D125-100. Tinka objektui 1.26 ir 1.27"]
["1.46.","Cinkuoto plieno balninė atšaka su tarpine  D160-100\n",8,"vnt.",4.2699999999999996,{"$f":"IF(ISBLANK(E96),\"\", PRODUCT(C96,E96))","v":34.159999999999997},"Leovira, Lietuva"]
["1.46.1.","Cinkuoto plieno balninė atšaka su tarpine  D160-100.Tinka objektui 1.26 ir 1.28\n",null,null,null,null,null,"Cinkuoto plieno balninė atšaka su tarpine D160-100. Tinka objektui 1.26 ir 1.28"]
["1.47.","Cinkuoto plieno balninė atšaka su tarpine  D160-125\n",6,"vnt.",5.25,{"$f":"IF(ISBLANK(E98),\"\", PRODUCT(C98,E98))","v":31.5},"Leovira, Lietuva"]
["1.47.1.","Cinkuoto plieno balninė atšaka su tarpine  D160-125.Tinka objektui 1.27 ir 1.28\n",null,null,null,null,null,"Cinkuoto plieno balninė atšaka su tarpine D160-125. Tinka objektui 1.27 ir 1.28"]
["1.48.","Cinkuoto plieno balninė atšaka su tarpine  D200-160\n",6,"vnt.",7.11,{"$f":"IF(ISBLANK(E100),\"\", PRODUCT(C100,E100))","v":42.660000000000004},"Leovira, Lietuva"]
["1.48.1.","Cinkuoto plieno balninė atšaka su tarpine  D200-160.Tinka objektui 1.29 ir 1.28\n",null,null,null,null,null,"Cinkuoto plieno balninė atšaka su tarpine D200-160. Tinka objektui 1.29 ir 1.28"]
["1.49.","Nerūdijančio plieno ortakis D100\n",6,"m",13.33,{"$f":"IF(ISBLANK(E102),\"\", PRODUCT(C102,E102))","v":79.98},"Komfovent, Lietuva"]
["1.50.","Nerūdijančio plieno ortakis D125\n",6,"m",16.329999999999998,97.97999999999999,"Komfovent, Lietuva"]
["1.51.","Nerūdijančio plieno ortakis D160\n",6,"m",23,138,"Komfovent, Lietuva"]
["1.52.","Nerūdijančio plieno ortakis D180\n",6,"m",28,168,"Komfovent, Lietuva"]
["1.53.","Nerūdijančio plieno ortakis D200\n",6,"m",28,168,"Komfovent, Lietuva"]
["1.54.","Nerūdijančio plieno ortakis D315\n",32,"m",42.33,1354.56,"Komfovent, Lietuva"]
["1.55.","Plastikinės vėdinimo grotelės  DL100RW, baltos\n",100,"vnt.",6.19,619,"Dospel, Lenkija"]
["1.55.1.","255x190 mm, spalva balta, pajungimas d100 ortakiui\n",null,null,null,null,null,"Plastikinės vėdinimo grotelės 255x190mm, spalva balta, pajungimas d100 ortakiui"]
["1.56.","Plastikinės vėdinimo grotelės  baltos\n",100,"vnt.",6.19,{"$f":"IF(ISBLANK(E110),\"\", PRODUCT(C110,E110))","v":619},"Dospel, Lenkija"]
["1.56.1.","255[+-10]x190[+-10] mm, spalva balta, įleidžiamos į lubas\n",null,null,null,null,null,"255x190mm , spalva balta, įleidžiamos į lubas"]
["1.57.","Plastikinės vėdinimo grotelės  baltos\n",100,"vnt.",6.19,{"$f":"IF(ISBLANK(E112),\"\", PRODUCT(C112,E112))","v":619},"Dospel, Lenkija"]
["1.57.1.","255[+-10]x190[+-10] mm, spalva balta, paviršinės\n",null,null,null,null,null,"255x190mm , spalva balta, paviršinės"]
[null,null,null,null,"Suma be PVM",{"$f":"IF((COUNT(C30:C113)<>COUNT(F30:F113)),\"\", SUM(F30:F113))","v":8560.9499999999989},{"$f":"IF((COUNT(C30:C113)<>COUNT(F30:F113)),\"Neužpildytos visų objektų kainos\", \"\")","v":""}]
[null,null,null,null,"PVM suma",1797.8]
[null,null,null,null,"Suma su PVM",{"$f":"IF(ISBLANK(F115), \"\", SUM(F114:F115))","v":10358.749999999998}]
[]
["2.","Ventkamerų oro filtrai"]
["2.1.","Ventkameros oro filtras KF SK  G3   420x807x500  4\n",2,"vnt.",null,{"$f":"IF(ISBLANK(E119),\"\", PRODUCT(C119,E119))","v":""}]
["2.2.","Ventkameros oro filtras KF  G4   535x495x350  5\n",1,"vnt.",null,""]
["2.3.","Ventkameros oro filtras KF  SK   F7  533x497x500  5\n",2,"vnt.",null,""]
["2.4.","Ventkameros oro filtras KF  F7    420x807x500   6         \n",2,"vnt.",null,""]
["2.5.","Ventkameros oro filtras KF  SK  M5  420x807x500  4\n",2,"vnt.",null,""]
["2.6.","Ventkameros oro filtras PLT  XL  M5  605x305x50\n",1,"vnt.",null,""]
["2.7.","Ventkameros oro filtras KF  SK  M5  540x385x250  7\n",2,"vnt.",null,""]
["2.8.","Ventkameros oro filtras KF  F7    390x290x500  6\n",2,"vnt.",null,""]
["2.9.","Ventkameros oro filtras KF  M5   592x490x600  6\n",2,"vnt.",null,""]
["2.10.","Ventkameros oro filtras KF  M5   495x250x500  6\n",2,"vnt.",null,""]
["2.11.","Ventkameros oro filtras  HEPA  EU13  460x460x80\n",16,"vnt.",null,""]
["2.12.","Ventkameros oro filtras KF  F5  540x385x250  7\n",2,"vnt.",null,""]
["2.13.","Ventkameros oro filtras KF  SK  M5  592x490x600  6\n",1,"vnt.",null,""]
["2.14.","Ventkameros oro filtras KF  SK  G3  592x287x300  6\n",1,"vnt.",null,""]
["2.15.","Ventkameros oro filtras KF  SK  F7  590x290x500  6\n",4,"vnt.",null,""]
["2.16.","Ventkameros oro filtras KF  SK  F7  290x140x300  6\n",5,"vnt.",null,""]
["2.17.","Ventkameros oro filtras KF  F7        390x190x380  4\n",5,"vnt.",null,""]
["2.18.","Ventkameros oro filtras KF  SK  G3  420x807x500  4\n",2,"vnt.",null,""]
["2.19.","Ventkameros oro filtras KF  SK  M5  420x807x500  4 \n",2,"vnt.",null,""]
["2.20.","Ventkameros oro filtras HEPA  EU13  610x610x87\n",24,"vnt.",null,""]
["2.21.","Ventkameros oro filtras VSB  FLT  M5  490x490 \n",4,"vnt.",null,""]
["2.22.","Ventkameros oro filtras VSB  FLT  M5   592x592\n",4,"vnt.",null,""]
["2.23.","Ventkameros oro filtras VSB  FLT  M7  490x490\n",2,"vnt.",null,""]
["2.24.","Ventkameros oro filtras VSB  FLT  M7  592x592\n",2,"vnt.",null,""]
["2.25.","Ventkameros oro filtras VSB  FLT  M9  490x490      \n",2,"vnt.",null,""]
["2.26.","Ventkameros oro filtras VSB  FLT  M9  592x592\n",2,"vnt.",null,""]
["2.27.","Ventkameros oro filtras HEPA  EU13  460x460x87  \n",37,"vnt.",null,""]
["2.28.","Ventkameros oro filtras VSB  FLT  M5  428x428\n",4,"vnt.",null,""]
["2.29.","Ventkameros oro filtras  VSB  FLT  M5  592x592\n",4,"vnt.",null,""]
["2.30.","Ventkameros oro filtras; Kompaktinis filtras  M5  800x400x46     \n",2,"vnt.",null,""]
["2.31.","Ventkameros oro filtras ;Kompaktinis filtras  F7    800x400x46     \n",2,"vnt.",null,""]
["2.32.","Ventkameros oro filtras KF  G4  535x495x350  5\n",1,"vnt.",null,""]
["2.33.","Ventkameros oro filtras KF  F9  535x495x600  6\n",1,"vnt.",null,{"$f":"IF(ISBLANK(E151),\"\", PRODUCT(C151,E151))","v":""}]
["2.34.","Ventkameros oro filtras HEPA tipo EU-13 klasė  610x610x78\n",7,"vnt.",null,""]
["2.35.","Ventkameros oro filtras KF  SK  F7  490x592x350  5      \n",8,"vnt.",null,""]
["2.36.","Ventkameros oro filtras KF  SK  G4  490x592x350  5 \n",8,"vnt.",null,""]
["2.37.","Ventkameros oro filtras KF  F7   490x490x300  5 \n",8,"vnt.",null,""]
["2.38.","Ventkameros oro filtras VSB  FLT  M5  490x490x300  3\n",8,"vnt.",null,""]
["2.39.","Ventkameros oro filtras VSB  FLT  M5  592x592\n",3,"vnt.",null,""]
["2.40.","Ventkameros oro filtras VSB  FLT  M5  592x287 \n",3,"vnt.",null,""]
["2.41.","Ventkameros oro filtras KF  F7  592x592x300  6\n",3,"vnt.",null,""]
["2.42.","Ventkameros oro filtras KF  F7  592x287x300  6\n",3,"vnt.",null,""]
["2.43.","Ventkameros oro filtras KF SK M5 610x570x600\n",2,"vnt.",null,""]
["2.44.","Ventkameros oro filtras KF SK G3 610x570x600\n",2,"vnt.",null,""]
["2.45.","Ventkameros oro filtras KF SK M5 500x290x300\n",1,"vnt.",null,""]
["2.46.","Ventkameros oro filtras KF G4 792x392x360\n",4,"vnt.",null,""]
["2.47.","Ventkameros oro filtras KF F7 792x392x360\n",2,"vnt.",null,""]
["2.48.","Ventkameros oro filtras KF F7 428x428x400\n",4,"vnt.",null,""]
["2.49.","Ventkameros oro filtras KF F7 428x297x400\n",2,"vnt.",null,""]
["2.50.","Ventkameros oro filtras KF F7 428x287x400\n",2,"vnt.",null,""]
["2.51.","Ventkameros oro filtras PLT XL M5 400x385x46\n",2,"vnt.",null,""]
["2.52.","Ventkameros oro filtras KF F5 537x385x30\n",1,"vnt.",null,""]
["2.53.","Ventkameros oro filtras KF F5 537x385x21\n",1,"vnt.",null,""]
["2.54.","Filtruojanti, vandenį atstumianti aukštos kokybės polipropileno ir poliesterio medžiaga G4\n",40,"kv. m",null,""]
[null,null,null,null,"Suma be PVM",{"$f":"IF((COUNT(C119:C172)<>COUNT(F119:F172)),\"\", SUM(F119:F172))","v":""},{"$f":"IF((COUNT(C119:C172)<>COUNT(F119:F172)),\"Neužpildytos visų objektų kainos\", \"\")","v":"Neužpildytos visų objektų kainos"}]
[null,null,null,null,"PVM suma"]
[null,null,null,null,"Suma su PVM",{"$f":"IF(ISBLANK(F174), \"\", SUM(F173:F174))","v":""}]
[]
["3.","Šildymo sistemos dalys\n"]
["3.1.","Trieigis pamaišymo vožtuvas iš DZR vario lydinio PN 10. T.max. 130oC  DN25\n",2,"vnt.",50.74,{"$f":"IF(ISBLANK(E178),\"\", PRODUCT(C178,E178))","v":101.48},"ESBE, Švedija"]
["3.2.","Trieigis pamaišymo vožtuvas iš DZR vario lydinio PN 10 T max. 130o C DN32   \n",1,"vnt.",55.37,55.37,"ESBE, Švedija"]
["3.3.","Trieigis pamaišymo vožtuvas iš DZR vario lydinio PN 10 T max. 130o C DN40\n",1,"vnt.",60.82,60.82,"ESBE, Švedija"]
["3.4.","Manometras vertikalus DN 100 su patikra, PN10 darb. temp. 120oC, skalė 10bar. Pajungimas1/2\n",6,"vnt.",11.74,70.44,"Cewal, Vokietija"]
["3.5.","Manometras vertikalus DN 100 su patikra, PN10 darb. temp. 120oC, skalė 6bar. Pajungimas1/2\n",6,"vnt.",11.74,70.44,"Cewal, Vokietija"]
["3.6.","Manometras vertikalus DN63 su patikra, PN10 darb. temp. 120oC, skalė 6bar. Pajungimas ¼  \n",6,"vnt.",11.74,70.44,"Cewal, Vokietija"]
["3.7.","Bimetalinis termometras DN63 PN10 darb. temp. 120oC, skalė 120oC, horizontalus pajungimas ½ , gilzės matmenys 50mm x Ø9mm\n",10,"vnt.",3.22,32.200000000000003,"WATTS, Vokietija"]
["3.8.","Nerūdijančio plieno lankstus gofruotas vamzdis DN25  \n",10,"m",4.42,44.2," DisPipe"]
["3.9.","Nerūdijančio plieno lankstus gofruotas vamzdis DN32  \n",10,"m",8.19,81.899999999999991," DisPipe"]
["3.10.","Nerūdijančio plieno lankstaus gofruoto vamzdžio tiesi jungtis, vamzdis-metalas, vid. sriegis DN25\n",20,"vnt.",8.81,176.20000000000002," DisPipe"]
["3.11.","Nerūdijančio plieno lankstaus gofruoto vamzdžio tiesi jungtis, vamzdis-metalas, vid. sriegis DN32\n",10,"vnt.",15.4,154," DisPipe"]
["3.12.","Šilumos ir karšto vandens ruošimo sistemų valdiklis RVD 140A  [arba lygiavertis]\n",2,"vnt.",617.77,1235.54,"Siemens"]
[null,null,null,null,"Suma be PVM",{"$f":"IF((COUNT(C178:C189)<>COUNT(F178:F189)),\"\", SUM(F178:F189))","v":2153.0299999999997},{"$f":"IF((COUNT(C178:C189)<>COUNT(F178:F189)),\"Neužpildytos visų objektų kainos\", \"\")","v":""}]
[null,null,null,null,"PVM suma",452.14]
[null,null,null,null,"Suma su PVM",{"$f":"IF(ISBLANK(F191), \"\", SUM(F190:F191))","v":2605.1699999999996}]

{"sheet":"Subtiekėjai","index":1,"n_rows":100,"n_cols":9,"rows_kept":100,"cut":false,"hidden":false,"merged":[[12,8,12,9],[13,8,13,9],[14,8,14,9],[15,8,15,9],[16,8,16,9],[1,0,1,10],[5,0,5,1],[5,2,5,4],[5,5,5,7],[5,8,5,9],[4,0,4,1],[4,2,4,4],[4,5,4,7],[4,8,4,9],[3,0,3,1],[3,2,3,4],[3,5,3,7],[3,8,3,9],[8,8,8,9],[10,0,10,9],[6,0,6,1],[6,2,6,4],[6,5,6,7],[6,8,6,9],[7,0,7,1],[7,2,7,4],[7,5,7,7],[7,8,7,9],[14,1,14,3],[15,4,15,5],[16,4,16,5],[8,0,8,1],[8,2,8,4],[8,5,8,7],[12,6,12,7],[13,6,13,7],[14,6,14,7],[15,6,15,7],[16,6,16,7],[13,1,13,3],[12,1,12,3],[12,4,12,5],[13,4,13,5],[14,4,14,5],[32,0,32,3],[32,4,32,9],[19,0,19,10],[16,1,16,3],[15,1,15,3],[22,0,22,9],[23,0,23,9],[25,0,25,9],[29,0,29,3],[29,4,29,9],[17,1,17,3],[17,4,17,5],[17,6,17,7],[17,8,17,9],[21,0,21,3],[21,4,21,9]]}
[]
["Subtiekėjai ir jiems perduodama vykdyti pirkimo sutarties dalis:"]
[]
["Eil. Nr",null,"Subtiekėjo pavadinimas",null,null,"Pirkimo objekto dalies, perduodamos vykdyti subtiekėjui, aprašymas",null,null,"Procentas perduodamos vykdyti pirkimo objekto dalies nuo pasiūlymo kainos su PVM (pildoma, jei ūkio subjektas vykdys sutartį)"]
[]
[]
[]
[]
[]
[]
["Kartu su pasiūlymu pateikiami šie dokumentai:"]
[]
["Eil.Nr.","Dokumentas",null,null,"Ar dokumnetas konfidencialus? (Taip/Ne)",null,"Prisegtos bylos (failo) pavadinimas ",null,"Paaiškinimas, kokia konkreti informacija dokumente yra konfidenciali"]
[]
[]
[]
[]
[]
[]
["Pasirašydamas šį pasiūlymą, tvirtintu, kad:\n1) pasiūlymo dokumentuose pateikti duomenys yra tikri;\n2) siūlomas Pirkimo objektas visiškai atitinka Pirkimo dokumentuose nustatytus reikalavimus;\n3) sutinku su visomis Pirkimo dokumentuose nustatytomis sąlygomis;\n4) pasiūlymas galioja iki termino, nustatyto Pirkimo dokumentuose; \n5) mes esame / nesame (nereikalingą išbraukti) laikomi asocijuotais (susijusiais) su Perkančiuoju subjektu pagal Lietuvos Respublikoje galiojančių teisės aktų (Lietuvos Respublikos pelno mokesčio, Lietuvos Respublikos pridėtinės vertės mokesčio ir Lietuvos Respublikos gyventojų pajamų mokesčio įstatymų) nuostatas; \n6) savo pasiūlymo galiojimą užtikrinsiu pagal Specialiųjų sąlygų 6.1 punktą (jei taikoma)."]
[]
["Pasiūlymo galiojimo užtikrinimui pateikiame :"]
["-"]
["(Nurodyti užtikrinimo būdą, dydį, dokumentus)"]
[]
["\nPasiūlymas galioja iki termino, nustatyto pirkimo dokumentuose.\n\nPasiūlymo neatskiriama dalis yra (rašoma, jeigu buvo reikalauta prie pasiūlymo pridėti atitinkamą dokumentą)"]
[]
[]
[]
["Tiekėjo arba jo įgalioto asmens pareigų pavadinimas",null,null,null,"MB \"Pastatų sistemos\" direktorius "]
[]
[]
["Pasirašančio asmens vardas ir pavardė",null,null,null,"Eduardas Jermolajevas"]
[]
[]
[]
[]
[]
[]
[]
[]
[]
[]
[]
[]
[]
[]
[]
[]
[]
[]
[]
[]
[]
[]
[]
[]
[]
[]
[]
[]
[]
[]
[]
[]
[]
[]
[]
[]
[]
[]
[]
[]
[]
[]
[]
[]
[]
[]
[]
[]
[]
[]
[]
[]
[]
[]
[]
[]
[]
[]
[]
[]
[]
[]
[]
[]
[]
[]
["3553 2019-12-23 10:14:59"]